000 00202 a2200097 4500
001 62881
090 _c37238
_d37238
100 _aQudsia, Bano
245 _aAadhi Baat:Dramay
260 _bSang-e-Meel Publications
942 _aNUST-CAE
999 _c297954
_d297954